[Event "Mondiale Lampo FIDE 2019"]
[Site "Mosca"]
[Date "30.12.2019"]
[Round "16.9"]
[White "Vidit, Santosh Gujrathi"]
[Black "Shimanov, Aleksandr"]
[Result "1-0"]
[WhiteTitle "GM"]
[BlackTitle "GM"]
[WhiteElo "2721"]
[BlackElo "2587"]
[WhiteFideId "5029465"]
[BlackFideId "4198603"]
[EventDate "2019.12.29"]

1. Nf3 d5 2. d4 Nf6 3. c4 e6 4. Nc3 c5 5. cxd5 Nxd5 6. e4 Nxc3 7. bxc3 cxd4 8.
cxd4 Bb4+ 9. Bd2 Bxd2+ 10. Qxd2 O-O 11. Bc4 Nd7 12. O-O b6 13. Rfe1 Bb7 14. Rad1
Rc8 15. Bb3 h6 16. Re3 Nf6 17. Bc2 Qc7 18. Bb1 Rfd8 19. h3 b5 20. Qe2 b4 21. a3
bxa3 22. Rxa3 a5 23. Qe1 Ra8 24. Bd3 a4 25. Rda1 Bc6 26. Bc2 Qa5 27. Qe3 Be8 28.
d5 exd5 29. e5 Ne4 30. Nd4 Qb4 31. e6 fxe6 32. Nxe6 Rdc8 33. Bd3 Bf7 34. Nd4 Rc3
35. Rxc3 Qxc3 36. Rc1 Qb2 37. f3 Nf6 38. Rb1 Qa2 39. Nf5 Re8 40. Qd4 Qa3 41. Rb6
Qc1+ 42. Kh2 Qe1 43. Rxf6 Qe5+ 44. Qxe5 Rxe5 45. Ra6 Be6 46. Nd4 Bd7 47. Ra7 Be8
48. Bb5 Bxb5 49. Nxb5 Re2 50. Rxa4 Kf7 51. Rf4+ Ke7 52. Rd4 Re5 53. Nc3 Ke6 54.
Kg3 Rg5+ 55. Kf2 h5 56. f4 Rf5 57. g4 hxg4 58. hxg4 Rf8 59. Nxd5 g5 60. Kf3 Rb8
61. fxg5 Ke5 62. Rd3 Rf8+ 63. Kg3 Ke4 64. Rd1 Ke5 65. Nf6 Ke6 66. Kf4 Ra8 67.
Re1+ Kf7 68. Kf5 Ra7 69. g6+ Kg7 70. Nh5+ Kf8 1-0

[Event "Mondiale Lampo FIDE 2019"]
[Site "Mosca"]
[Date "30.12.2019"]
[Round "16.10"]
[White "Sarana, Alexey"]
[Black "Zubov, Alexander"]
[Result "1-0"]
[WhiteTitle "GM"]
[BlackTitle "GM"]
[WhiteElo "2663"]
[BlackElo "2601"]
[WhiteFideId "24133795"]
[BlackFideId "14109409"]
[EventDate "2019.12.29"]

1. d4 d5 2. Nf3 Nf6 3. c4 dxc4 4. e3 e6 5. Bxc4 a6 6. O-O b5 7. Be2 Bb7 8. a4 b4
9. b3 c5 10. Bb2 Nc6 11. Nbd2 Na5 12. Nc4 Nxc4 13. Bxc4 Be7 14. Ne5 O-O 15. Qe2
cxd4 16. Bxd4 Nd5 17. Rfd1 Bd6 18. Qg4 f5 19. Qg3 Qe7 20. Rac1 f4 21. Qh3 fxe3
22. fxe3 Rae8 23. Rf1 Nf6 24. Bd3 Rc8 25. Nc4 Bc5 26. Be5 Rcd8 27. Bb1 g6 28.
Qh4 Nd5 29. Qg3 Rxf1+ 30. Rxf1 Rf8 31. Rxf8+ Kxf8 32. h4 Ke8 33. Kh2 Kd7 34. Be4
Qf8 35. Bf3 Ba8 36. e4 Nc3 37. Qe1 Qe7 38. Bg3 Ke8 39. Qd2 Kf8 40. Qf4+ Kg8 41.
Qb8+ Qf8 42. Qe5 Qe7 43. h5 gxh5 44. Qxh5 Bd4 45. Qg4+ Bg7 46. Be5 Bc6 47. Bd6
Qf6 48. Bxb4 Qh6+ 49. Kg3 Qc1 50. Qxe6+ 1-0

[Event "Mondiale Lampo FIDE 2019"]
[Site "Mosca"]
[Date "30.12.2019"]
[Round "16.11"]
[White "Grischuk, Alexander"]
[Black "Gareyev, Timur"]
[Result "1-0"]
[WhiteTitle "GM"]
[BlackTitle "GM"]
[WhiteElo "2777"]
[BlackElo "2598"]
[WhiteFideId "4126025"]
[BlackFideId "14200937"]
[EventDate "2019.12.29"]

1. Nf3 g6 2. e4 c5 3. c3 Bg7 4. d4 b6 5. Bd3 cxd4 6. cxd4 Nc6 7. O-O Nxd4 8.
Nxd4 Bxd4 9. Bc4 e5 10. Be3 Bb7 11. Bxd4 exd4 12. Qxd4 Qf6 13. Qd2 Rc8 14. Bb3
Ne7 15. Nc3 Bc6 16. Qh6 Ng8 17. Qe3 Ne7 18. Rad1 O-O 19. Qd4 Qf4 20. Rd3 h5 21.
Rfd1 h4 22. h3 Qg5 23. Qd6 Nf5 24. Qh2 Ne7 25. Rf3 Kg7 26. Qd6 f5 27. Bd5 Bxd5
28. exd5 Rcd8 29. Re1 Ng8 30. Qc7 Nf6 31. Qxa7 Rfe8 32. Rd1 b5 33. Qd4 Kg8 34.
Nxb5 Re4 35. Qd2 Qxd2 36. Rxd2 Re1+ 37. Kh2 Ne4 38. Rc2 Ra8 39. Nc3 Nc5 40. a3
Nb3 41. Re3 Rxe3 42. fxe3 Re8 43. Nb5 Rxe3 44. Rc3 Nd2 45. Rxe3 Nf1+ 46. Kg1
Nxe3 47. a4 Nxd5 48. a5 Nb4 49. Nc7 Kf7 50. a6 Nc6 51. b4 1-0

[Event "Mondiale Lampo FIDE 2019"]
[Site "Mosca"]
[Date "30.12.2019"]
[Round "16.12"]
[White "Grigoriants, Sergey"]
[Black "Fedoseev, Vladimir3"]
[Result "0-1"]
[WhiteTitle "GM"]
[BlackTitle "GM"]
[WhiteElo "2542"]
[BlackElo "2677"]
[WhiteFideId "4130804"]
[BlackFideId "24130737"]
[EventDate "2019.12.29"]

1. e4 c5 2. Nf3 d6 3. d4 cxd4 4. Nxd4 Nf6 5. Nc3 a6 6. Be3 e6 7. a4 Bd7 8. Be2
Bc6 9. Nxc6 Nxc6 10. O-O Be7 11. Qd2 O-O 12. Rfd1 Qc7 13. h3 Rac8 14. Bd3 Nd7
15. Ne2 Nde5 16. Ng3 Na5 17. Qe2 Nxd3 18. cxd3 Qc2 19. Qg4 Nb3 20. Bh6 g6 21.
Bxf8 Bxf8 22. Rab1 Bh6 23. Ne2 Bd2 24. Qf3 Kg7 25. d4 Rc4 26. e5 dxe5 27. dxe5
Bg5 28. Ng3 Nd2 0-1

[Event "Mondiale Lampo FIDE 2019"]
[Site "Mosca"]
[Date "30.12.2019"]
[Round "16.13"]
[White "Morozevich, Alexander"]
[Black "Sychev, Klementy"]
[Result "0-1"]
[WhiteTitle "GM"]
[BlackTitle "GM"]
[WhiteElo "2659"]
[BlackElo "2563"]
[WhiteFideId "4116992"]
[BlackFideId "4114060"]
[EventDate "2019.12.29"]

1. e4 e5 2. Nf3 Nc6 3. Bb5 a6 4. Ba4 f5 5. d4 exd4 6. e5 b5 7. Bb3 Bb7 8. O-O
Na5 9. Bxg8 Rxg8 10. Nxd4 Qh4 11. Nc3 f4 12. Nf3 Qg4 13. a4 Nc4 14. axb5 Nxe5
15. Re1 d6 16. bxa6 Bxf3 17. Qxf3 Qxf3 18. gxf3 Kd7 19. Kg2 g5 20. Nd5 Rg6 21.
Bd2 g4 22. Bxf4 gxf3+ 23. Kh1 Ng4 24. Bg3 Rg5 25. c4 h5 26. h3 Ne5 27. b4 Nxc4
28. Nf6+ Kc6 29. Re8 Rxe8 30. Nxe8 Nb6 31. a7 Kb7 32. Bf4 Rf5 33. Be3 Na8 34.
Rg1 Rb5 35. Rg8 Be7 36. Rg7 Bd8 37. Rd7 Kc8 38. Rxd6 Re5 39. Rxd8+ Kxd8 40. Nf6
Kc8 41. Kh2 h4 42. Ng4 Re4 43. Bc5 Kb7 44. Ne3 Nb6 45. Nf5 Kxa7 46. Nd4 Kb7 47.
Nxf3 Nd5 48. Ng5 Rc4 49. Kg2 Nxb4 50. Bf8 Nd5 51. Ne6 Nf4+ 52. Nxf4 Rxf4 53. Bh6
Rf7 54. Bg5 c5 55. Bxh4 c4 56. Kf1 Rh7 57. Bg3 Rxh3 58. Ke2 Kc6 59. Ke3 Kd5 0-1

[Event "Mondiale Lampo FIDE 2019"]
[Site "Mosca"]
[Date "30.12.2019"]
[Round "16.14"]
[White "Quparadze, Giga"]
[Black "Adly, Ahmed"]
[Result "1/2-1/2"]
[WhiteTitle "GM"]
[BlackTitle "GM"]
[WhiteElo "2462"]
[BlackElo "2607"]
[WhiteFideId "13602250"]
[BlackFideId "10601619"]
[EventDate "2019.12.29"]

1. e4 c6 2. d4 d5 3. Nc3 dxe4 4. Nxe4 Bf5 5. Ng3 Bg6 6. h4 h6 7. Nf3 Nd7 8. h5
Bh7 9. Bd3 Bxd3 10. Qxd3 Ngf6 11. Bf4 e6 12. O-O-O Be7 13. Kb1 O-O 14. Ne4 Nxe4
15. Qxe4 Nf6 16. Qe2 Qd5 17. Ne5 Qe4 18. Qxe4 Nxe4 19. Rhe1 Nf6 20. g4 Rfd8 21.
f3 Nd7 22. c4 a5 23. a4 Bb4 24. Rf1 Bd6 25. Rfe1 Bb4 26. Rg1 Kf8 27. Nd3 Be7 28.
b3 Nf6 29. Ne5 Nd7 30. Kc2 f6 31. Ng6+ Kf7 32. Nxe7 Kxe7 33. Rge1 Kf7 34. Bd2 c5
35. Be3 cxd4 36. Bxd4 Ra6 37. Bc3 Ke7 38. f4 Nf8 39. Rxd8 Kxd8 40. g5 hxg5 41.
fxg5 e5 42. g6 Ne6 43. Rg1 Ke7 44. h6 Ra8 45. h7 Nf4 46. Bd2 Ke6 47. Bxf4 exf4
48. Kd3 Kf5 49. Ke2 Re8+ 50. Kf3 Re3+ 51. Kf2 Re8 52. c5 Rc8 53. Kf3 Re8 54. Kf2
Rd8 55. Rd1 Rh8 56. Rd7 Kxg6 57. Rxb7 Rxh7 58. c6 Rh3 59. Rb5 Rc3 60. Rxa5 Rxc6
61. Rb5 Kf7 62. a5 g5 63. Rb4 Rc2+ 64. Kf3 Rc3+ 65. Kf2 Rc2+ 66. Kf3 Rc3+ 67.
Kf2 1/2-1/2

[Event "Mondiale Lampo FIDE 2019"]
[Site "Mosca"]
[Date "30.12.2019"]
[Round "16.15"]
[White "Mamedov, Rauf"]
[Black "Dreev, Aleksey"]
[Result "1/2-1/2"]
[WhiteTitle "GM"]
[BlackTitle "GM"]
[WhiteElo "2659"]
[BlackElo "2677"]
[WhiteFideId "13401653"]
[BlackFideId "4100107"]
[EventDate "2019.12.29"]

1. e4 c6 2. Nc3 d5 3. Nf3 Bg4 4. h3 Bxf3 5. Qxf3 e6 6. d3 Nd7 7. Be2 Bd6 8. d4
Ne7 9. O-O O-O 10. exd5 exd5 11. Bd3 Ng6 12. Ne2 Re8 13. Nf4 1/2-1/2

[Event "Mondiale Lampo FIDE 2019"]
[Site "Mosca"]
[Date "30.12.2019"]
[Round "16.16"]
[White "Tomashevsky, Evgeny"]
[Black "Korobov, Anton"]
[Result "1-0"]
[WhiteTitle "GM"]
[BlackTitle "GM"]
[WhiteElo "2705"]
[BlackElo "2668"]
[WhiteFideId "4147235"]
[BlackFideId "14105730"]
[EventDate "2019.12.29"]

1. c4 e6 2. Nc3 d5 3. d4 c6 4. e3 f5 5. Bd3 Bd6 6. Qc2 Nh6 7. Nge2 O-O 8. Bd2
Nd7 9. f3 Kh8 10. O-O-O dxc4 11. Bxc4 e5 12. e4 exd4 13. Bxh6 gxh6 14. Nxd4 Ne5
15. Be6 c5 16. Nxf5 Bxe6 17. Rxd6 Qg5+ 18. Kb1 Rae8 19. h4 Qg6 20. Rhd1 c4 21.
Nd5 Rxf5 22. Rxe6 Qxe6 23. exf5 Qf7 24. f4 Ng4 25. Qxc4 Qxf5+ 26. Ka1 Qe4 27.
Qc3+ Kg8 28. a3 h5 29. Nf6+ Nxf6 30. Qxf6 Qxg2 31. Qd4 Qg3 32. Ka2 Qh3 33. Rg1+ 1-0

[Event "Mondiale Lampo FIDE 2019"]
[Site "Mosca"]
[Date "30.12.2019"]
[Round "16.17"]
[White "Andreikin, Dmitry"]
[Black "Salem, A.R. Saleh"]
[Result "1-0"]
[WhiteTitle "GM"]
[BlackTitle "GM"]
[WhiteElo "2724"]
[BlackElo "2675"]
[WhiteFideId "4158814"]
[BlackFideId "9301348"]
[EventDate "2019.12.29"]

1. d4 Nf6 2. Nf3 g6 3. b3 Bg7 4. Bb2 c5 5. dxc5 Qa5+ 6. Nbd2 Qxc5 7. e3 O-O 8.
c4 d6 9. Be2 Qc7 10. O-O Nc6 11. Rc1 e5 12. Nb1 Ne4 13. Nfd2 Nc5 14. Nc3 Qd8 15.
Nde4 Nd4 16. exd4 exd4 17. Nxc5 dxc3 18. Nxb7 Bxb7 19. Bxc3 Bxc3 20. Rxc3 Qa5
21. Qd2 Rfe8 22. Rd3 Qe5 23. Bf3 Bxf3 24. Rxf3 Re6 25. Re3 Qg5 26. Rfe1 Rae8 27.
g3 Qf5 28. Rxe6 Rxe6 29. Rxe6 Qxe6 30. Qe3 Qd7 31. h4 h5 32. Qd4 Qe7 33. Kg2
Qb7+ 34. Qd5 Qe7 35. b4 Qc7 36. c5 dxc5 37. bxc5 Kf8 38. Kf3 Ke7 39. Ke4 Qa5 40.
Qd6+ Ke8 41. Qe5+ Kd8 42. Qd4+ Ke7 43. Qd6+ Ke8 44. Qe5+ Kd8 45. Qf6+ Ke8 46.
Qc6+ Ke7 47. Qb7+ Ke6 48. Qb3+ Ke7 49. Qc2 Kd7 50. Qc4 Ke7 51. Kf3 Kd8 52. Qxf7 1-0

[Event "Mondiale Lampo FIDE 2019"]
[Site "Mosca"]
[Date "30.12.2019"]
[Round "16.18"]
[White "Indjic, Aleksandar"]
[Black "Le, Quang Liem"]
[Result "1-0"]
[WhiteTitle "GM"]
[BlackTitle "GM"]
[WhiteElo "2619"]
[BlackElo "2713"]
[WhiteFideId "911925"]
[BlackFideId "12401137"]
[EventDate "2019.12.29"]

1. d4 Nf6 2. Nf3 e6 3. Bg5 h6 4. Bh4 b6 5. c3 Bb7 6. Nbd2 d6 7. Qc2 g5 8. Bg3
Nh5 9. e4 Nd7 10. a4 a6 11. Be2 g4 12. Ng1 Qg5 13. Bd3 Nxg3 14. hxg3 h5 15. Ne2
Bg7 16. O-O-O O-O-O 17. Kb1 Kb8 18. Rh4 Nf8 19. f4 gxf3 20. gxf3 Ng6 21. f4 Qe7
22. Rh2 h4 23. g4 e5 24. f5 Nf8 25. Nf3 Bf6 26. Rdh1 Nh7 27. Nxh4 Ng5 28. d5
Nxe4 29. Bxe4 Rxh4 30. Rxh4 Bxh4 31. Ng1 Rg8 32. Qg2 Qg5 33. Nf3 Qf4 34. Nh2 Bc8
35. Rf1 Qg3 36. Rg1 Qe3 37. Rf1 Bg5 38. Qf3 Qd2 39. Rf2 Qe1+ 40. Ka2 Bf4 41. Nf1
Rxg4 42. Re2 Qh4 43. Qd3 Rg1 44. Nd2 Rd1 45. Nf3 Qh1 46. Qc4 Ra1+ 47. Kb3 Bd7
48. Nxe5 Qd1+ 49. Bc2 Bxa4+ 50. Qxa4 Qxd5+ 51. Qc4 Qxc4+ 52. Nxc4 b5 53. Ne3 c6
54. Be4 Kc7 55. Nc2 Rg1 56. Rf2 Be5 57. Rg2 Rf1 58. Bd3 Rf3 59. Be4 Rf4 60. Re2
a5 61. Ka2 f6 62. Bd3 d5 63. Ne3 Kd6 64. Bc2 b4 65. cxb4 Rxb4 66. Nd1 c5 67. Rd2
c4 68. Ka3 d4 69. b3 Kc5 70. bxc4 Rxc4 71. Bb3 Rc1 72. Nf2 Kb6 73. Nd3 Bd6+ 74.
Kb2 Rf1 75. Be6 a4 76. Ka2 Rf3 77. Nb2 Ra3+ 78. Kb1 Kc5 79. Rc2+ Kb5 80. Bd7+
Kb4 81. Rc4+ Ka5 82. Rc6 Rb3 83. Rxd6 a3 84. Rxd4 Rxb2+ 85. Ka1 Rf2 86. Ra4+ Kb6
87. Rxa3 Kc7 88. Be6 Kd6 89. Re3 Kc5 90. Kb1 Kd4 91. Rb3 Ke5 92. Kc1 Ke4 93. Kd1
Ke5 94. Ke1 Rh2 95. Re3+ Kf4 96. Re2 Rh1+ 97. Kd2 Ra1 98. Rf2+ Ke4 99. Rg2 Rb1
100. Rg8 Rb2+ 101. Kc3 Rh2 102. Rf8 Ke5 103. Re8 Rh4 104. Bc8+ Kf4 105. Kd4 Rh1
106. Kd5 Rc1 107. Ke6 Rc6+ 108. Kf7 Kg5 109. Rg8+ Kf4 110. Bd7 Rb6 111. Be6 Ke5
112. Re8 Rb7+ 113. Re7 Rb6 114. Bd7+ Kf4 115. Be6 Ke5 116. Kg6 Rd6 117. Bg8+ Kf4
118. Re6 Rd1 119. Kxf6 Rd5 120. Bh7 1-0

[Event "Mondiale Lampo FIDE 2019"]
[Site "Mosca"]
[Date "30.12.2019"]
[Round "16.19"]
[White "Christiansen, Johan-Sebastian"]
[Black "Vitiugov, Nikita"]
[Result "1/2-1/2"]
[WhiteTitle "GM"]
[BlackTitle "GM"]
[WhiteElo "2597"]
[BlackElo "2747"]
[WhiteFideId "1512668"]
[BlackFideId "4152956"]
[EventDate "2019.12.29"]

1. e4 e6 2. Nf3 d5 3. e5 c5 4. b4 cxb4 5. a3 Nc6 6. axb4 Bxb4 7. c3 Bf8 8. d4
Nge7 9. Bd3 Bd7 10. Na3 Nf5 11. h4 Be7 12. g4 Nh6 13. Ng5 a6 14. Nxh7 b5 15. Nc2
b4 16. h5 bxc3 17. Ba3 Qb6 18. Rb1 Qa5 19. Bxe7 Kxe7 20. Qc1 Rhg8 21. Qg5+ Ke8
22. O-O Qd8 23. f4 Qxg5 24. fxg5 Nxg4 25. g6 fxg6 26. Bxg6+ Kd8 27. Rf7 Kc7 28.
Ng5 Rae8 29. Rf4 Nh6 30. Bxe8 Rxe8 31. Rb3 Na5 32. Rxc3+ Nc4 33. Nb4 a5 34. Nd3
a4 35. Nc5 a3 36. Rf2 Ra8 37. Ngxe6+ Bxe6 38. Nxe6+ Kb6 39. Ra2 Nf5 40. Rb3+ Kc6
41. Kf2 Kd7 42. Nc5+ Kc6 43. Ne6 Kd7 44. Nc5+ Kc6 45. Ne6 Kd7 46. Nc5+ Kc6 47.
Ne6 Kd7 48. Nc5+ Kc6 1/2-1/2

[Event "Mondiale Lampo FIDE 2019"]
[Site "Mosca"]
[Date "30.12.2019"]
[Round "16.21"]
[White "Nozdrachev, Vladislav"]
[Black "Ponkratov, Pavel"]
[Result "1-0"]
[WhiteTitle "IM"]
[BlackTitle "GM"]
[WhiteElo "2494"]
[BlackElo "2632"]
[WhiteFideId "24113441"]
[BlackFideId "4157800"]
[EventDate "2019.12.29"]

1. e4 e5 2. Nf3 Nc6 3. Bc4 Nf6 4. d3 h6 5. c3 d6 6. Bb3 g5 7. O-O Bg7 8. Nbd2
O-O 9. Nc4 Be6 10. Re1 Qd7 11. Ne3 Rad8 12. c4 Ne7 13. Nd5 Nfxd5 14. cxd5 Bg4
15. h3 Bh5 16. g4 Bg6 17. Nh2 Bh7 18. Nf1 Ng6 19. Ng3 Nf4 20. Kh2 c6 21. dxc6
bxc6 22. Qf3 d5 23. Nf5 Bxf5 24. gxf5 Bf6 25. d4 dxe4 26. Rxe4 Qxf5 27. Be3 Kh8
28. Rc1 Rd6 29. Rc5 Re8 30. Bxf4 gxf4 31. Bxf7 Re7 32. dxe5 Bxe5 33. Bb3 Qg5 34.
Rc1 Rg6 35. Bc2 Rg8 36. b4 Reg7 37. Kh1 Bd6 38. Bb3 Rf8 39. Re6 Bc7 40. a3 Qh4
41. Rcxc6 Qg5 42. Rxh6+ Rh7 43. Rxh7+ Kxh7 44. Rxc7+ 1-0

[Event "Mondiale Lampo FIDE 2019"]
[Site "Mosca"]
[Date "30.12.2019"]
[Round "16.22"]
[White "Tari, Aryan"]
[Black "Paravyan, David"]
[Result "0-1"]
[WhiteTitle "GM"]
[BlackTitle "GM"]
[WhiteElo "2634"]
[BlackElo "2629"]
[WhiteFideId "1510045"]
[BlackFideId "4194985"]
[EventDate "2019.12.29"]

1. e4 c5 2. Nf3 Nc6 3. Bb5 g6 4. O-O Bg7 5. c3 Nf6 6. Re1 O-O 7. h3 e5 8. d4
cxd4 9. cxd4 Nxd4 10. Nxd4 Qb6 11. Bc4 exd4 12. e5 Ne8 13. Bg5 d6 14. Be7 dxe5
15. Nd2 Nd6 16. Bxf8 Kxf8 17. Rc1 Bf5 18. Bd5 Qxb2 19. Nf3 e4 20. Ng5 d3 21. Rb1
Qd4 22. Qb3 Rc8 23. Bxf7 Rc3 24. Ne6+ Bxe6 25. Qxe6 d2 26. Red1 e3 27. Bg8 exf2+
28. Kh1 Qe5 29. Qxe5 Bxe5 30. Bd5 Bf4 31. g3 Rxg3 32. Rb3 Rxb3 33. axb3 Nb5 34.
Kg2 Nc3 35. Bf3 Nxd1 36. Bxd1 Be3 37. Be2 Ke7 38. Kf1 Kd6 39. Bd1 g5 40. Ke2 Kc5
41. Bc2 h6 42. Bd1 Kb4 43. Kf1 Kc3 44. Kg2 Kb2 0-1

[Event "Mondiale Lampo FIDE 2019"]
[Site "Mosca"]
[Date "30.12.2019"]
[Round "16.23"]
[White "Amin, Bassem"]
[Black "Golubov, Saveliy"]
[Result "0-1"]
[WhiteTitle "GM"]
[BlackTitle "IM"]
[WhiteElo "2683"]
[BlackElo "2469"]
[WhiteFideId "10601457"]
[BlackFideId "24176729"]
[EventDate "2019.12.29"]

1. e4 g6 2. Nf3 Bg7 3. d3 d6 4. g3 Nf6 5. Bg2 O-O 6. O-O c5 7. Re1 Nc6 8. c3 Rb8
9. a4 a6 10. h3 b5 11. axb5 axb5 12. d4 cxd4 13. cxd4 e5 14. d5 Na5 15. Nfd2 b4
16. Qa4 Nb7 17. Nb3 Bd7 18. Qa7 Ne8 19. Be3 Nc7 20. Bb6 Nb5 21. Bxd8 Nxa7 22.
Be7 Rfe8 23. Bxd6 Nxd6 24. Rxa7 Bb5 25. N1d2 Rec8 26. Bf1 Rc2 27. Rb1 Bh6 28.
Nf3 Bxf1 29. Rxf1 Rxb2 30. Na5 Re8 31. Re1 b3 32. Rd7 Bf8 33. Rxd6 Bxd6 34. Nc4
Rc2 35. Nxd6 b2 36. Kf1 Rb8 37. h4 b1=Q 38. Rxb1 Rxb1+ 39. Kg2 f6 40. g4 Rb6 41.
Ne8 Kf7 42. Nxf6 Kxf6 43. g5+ Ke7 44. Nxe5 Rbb2 45. Nd3 Rd2 46. Nxb2 Rxb2 47.
Kg3 Kd6 48. f4 Rb3+ 49. Kf2 Kc5 50. h5 Kd4 51. f5 Kxe4 52. fxg6 hxg6 53. hxg6
Rb7 54. Kg3 Kf5 55. d6 Rd7 56. g7 Rxg7 57. Kf3 Rd7 0-1

[Event "Mondiale Lampo FIDE 2019"]
[Site "Mosca"]
[Date "30.12.2019"]
[Round "16.24"]
[White "Inarkiev, Ernesto"]
[Black "Sargissian, Gabriel"]
[Result "1-0"]
[WhiteTitle "GM"]
[BlackTitle "GM"]
[WhiteElo "2663"]
[BlackElo "2689"]
[WhiteFideId "4162722"]
[BlackFideId "13300881"]
[EventDate "2019.12.29"]

1. Nf3 d5 2. d4 Nf6 3. Bf4 e6 4. e3 Bd6 5. Nbd2 Bxf4 6. exf4 Qd6 7. g3 O-O 8.
Bd3 b6 9. Qe2 c5 10. c3 a5 11. O-O Ba6 12. Bxa6 Nxa6 13. Ne5 Nb8 14. Ndf3 Ne4
15. Rad1 Qc7 16. Ng5 Nxg5 17. fxg5 Nc6 18. f4 Rac8 19. Rf2 cxd4 20. Nxc6 Qxc6
21. Rxd4 b5 22. a3 Rb8 23. Qd2 b4 24. cxb4 axb4 25. Rxb4 Qc5 26. Qd4 Qc1+ 27.
Kg2 Rbc8 28. Rb3 Rc2 29. Rc3 Rxc3 30. Qxc3 Qxc3 31. bxc3 Ra8 32. Ra2 Ra4 33. Kf2
Kf8 34. Ke2 Ke7 35. Kd3 Kd6 36. Kc2 Kc5 37. Kb3 Kb5 38. Re2 Rc4 39. f5 exf5 40.
Re5 Kc6 41. Rxf5 Re4 42. Rxf7 Re2 43. h4 Re3 44. Rxg7 d4 45. Rxh7 Rxc3+ 46. Kb2
Rxg3 47. a4 Kc5 48. Kc2 Kc4 49. Rc7+ Kb4 50. Rc6 Rg4 51. Kd3 Rxh4 52. Rc4+ Kb3
53. Rxd4 Rh3+ 54. Ke4 1-0

[Event "Mondiale Lampo FIDE 2019"]
[Site "Mosca"]
[Date "30.12.2019"]
[Round "16.25"]
[White "Vavulin, Maxim"]
[Black "Wojtaszek, Radoslaw"]
[Result "0-1"]
[WhiteTitle "GM"]
[BlackTitle "GM"]
[WhiteElo "2556"]
[BlackElo "2725"]
[WhiteFideId "4169530"]
[BlackFideId "1118358"]
[EventDate "2019.12.29"]

1. e4 c6 2. d3 d5 3. Qe2 g6 4. Nf3 Bg7 5. g3 d4 6. Bg2 e5 7. O-O Ne7 8. Nh4 c5
9. f4 Nbc6 10. a4 f6 11. Na3 Be6 12. f5 Bf7 13. Bd2 Qd7 14. b3 g5 15. Nf3 h6 16.
h4 g4 17. Nh2 h5 18. Nc4 Nc8 19. Rfb1 Nd6 20. Bf1 Bh6 21. Bxh6 Rxh6 22. Qd2 Rh8
23. Bg2 Ke7 24. Nf1 Nb4 25. Nh2 Nxc4 26. bxc4 Qd6 27. Kf2 Rac8 28. Bf1 Rc6 29.
Be2 Rg8 30. Nf1 Ra6 31. Qc1 Qc6 32. a5 Qc7 33. Nd2 Rxa5 34. Rxa5 Qxa5 35. Nb3
Qc7 36. Ra1 b6 37. Qd2 a5 38. Qc1 Qd8 39. Qd2 Rh8 40. Bd1 Qf8 41. c3 dxc3 42.
Qxc3 Qd8 43. Be2 Qd6 44. Kg2 Ra8 45. Bf1 a4 46. Nc1 Qd4 47. Qxd4 exd4 48. Ra3
Nc2 49. Ra2 Ne3+ 50. Kf2 b5 51. Rb2 Nd1+ 0-1

[Event "Mondiale Lampo FIDE 2019"]
[Site "Mosca"]
[Date "30.12.2019"]
[Round "16.26"]
[White "Karjakin, Sergey"]
[Black "Alekseev, Evgeny"]
[Result "1-0"]
[WhiteTitle "GM"]
[BlackTitle "GM"]
[WhiteElo "2754"]
[BlackElo "2620"]
[WhiteFideId "14109603"]
[BlackFideId "4138147"]
[EventDate "2019.12.29"]

1. e4 c5 2. Nf3 e6 3. d4 cxd4 4. Nxd4 Nc6 5. Nc3 a6 6. Nxc6 bxc6 7. Bd3 Qc7 8.
Qg4 Nf6 9. Qg3 Qxg3 10. hxg3 d5 11. f3 Bd6 12. g4 Nd7 13. Bd2 Ne5 14. O-O-O Bb7
15. g5 O-O-O 16. Rh3 c5 17. exd5 Nxd3+ 18. cxd3 exd5 19. Rdh1 Kd7 20. Rxh7 Rxh7
21. Rxh7 Rg8 22. Ne2 d4 23. Bf4 Be7 24. Ng3 Ke6 25. Kd2 Bd5 26. a3 a5 27. Rh1 a4
28. Re1+ Kd7 29. Nf5 Bf8 30. Rh1 Be6 31. g4 Bd5 32. Ke2 Be6 33. Be5 Bd5 34. Rh7
Be6 35. f4 Kc6 36. Kf3 Kd5 37. Nxg7 Bxg7 38. Bxg7 c4 39. dxc4+ Kxc4 40. f5 Bd5+
41. Kf4 d3 42. Bc3 Re8 43. g6 fxg6 44. fxg6 Re4+ 45. Kg5 Be6 46. Rh4 Kb3 47. Kf6
Re2 48. g5 Bg8 49. Rd4 Kc2 50. g7 Re8 51. Rxa4 d2 52. Bxd2 Kxd2 53. Ra6 Kc2 54.
Rb6 Bd5 55. a4 Bg8 56. a5 Ra8 57. b4 Kb3 58. a6 Kc4 59. g6 Bd5 60. Ke5 Re8+ 61.
Kf6 Ra8 62. Rd6 Bg8 63. Rb6 Bd5 64. Kg5 Re8 65. Rd6 Bg8 66. a7 Ra8 67. Kh6 Kxb4
68. Rf6 Bd5 69. Rf8 Rxa7 70. g8=Q 1-0

[Event "Mondiale Lampo FIDE 2019"]
[Site "Mosca"]
[Date "30.12.2019"]
[Round "16.27"]
[White "Ivanisevic, Ivan"]
[Black "Svidler, Peter"]
[Result "0-1"]
[WhiteTitle "GM"]
[BlackTitle "GM"]
[WhiteElo "2593"]
[BlackElo "2723"]
[WhiteFideId "912417"]
[BlackFideId "4102142"]
[EventDate "2019.12.29"]

1. c4 g6 2. Nc3 c5 3. g3 Bg7 4. Bg2 Nc6 5. d3 e6 6. Bxc6 bxc6 7. f4 d6 8. Nf3
Nh6 9. e4 f5 10. Qe2 Nf7 11. Bd2 O-O 12. O-O-O e5 13. h4 fxe4 14. dxe4 Bg4 15.
h5 gxh5 16. f5 Rb8 17. Rh4 Bf6 18. Rxg4+ hxg4 19. Nh2 Bg5 20. Nxg4 Bxd2+ 21.
Qxd2 Kh8 22. Nh6 Rb7 23. g4 Nxh6 24. Qxh6 Rg7 25. Rxd6 Qg5+ 26. Qxg5 Rxg5 27.
Rxc6 Rxg4 28. Rxc5 h5 29. Rxe5 h4 30. Re6 Kg7 31. Re7+ Rf7 32. f6+ Kxf6 33. Nd5+
Kg7 34. Re5 Rf2 35. Re7+ Kf8 0-1

[Event "Mondiale Lampo FIDE 2019"]
[Site "Mosca"]
[Date "30.12.2019"]
[Round "16.28"]
[White "Andriasian, Zaven"]
[Black "Safarli, Eltaj"]
[Result "1/2-1/2"]
[WhiteTitle "GM"]
[BlackTitle "GM"]
[WhiteElo "2611"]
[BlackElo "2601"]
[WhiteFideId "13302000"]
[BlackFideId "13402129"]
[EventDate "2019.12.29"]

1. e4 e5 2. Nf3 Nc6 3. Bc4 Bc5 4. d3 Nf6 5. O-O O-O 6. Nbd2 d6 7. c3 a6 8. Bb3
Be6 9. h3 h6 10. Re1 Re8 11. Nh2 d5 12. Qf3 b5 13. Ndf1 d4 14. Ng3 dxc3 15. bxc3
b4 16. Ba4 Qd6 17. Bd2 bxc3 18. Bxc3 Bd4 19. Bxc6 Bxc3 20. Bxe8 Rxe8 21. Qe3 Rd8
22. Nf3 Bxa1 23. Rxa1 Qxd3 24. Qxd3 Rxd3 25. Nxe5 Ra3 26. Rc1 Ne8 27. Rb1 Nd6
28. Kh2 f6 29. Rb8+ Kh7 30. Nc6 Rxa2 31. f3 a5 32. Nd4 Bc4 33. Rd8 a4 34. Rd7 a3
35. Ngf5 Nxf5 36. Nxf5 Ra1 37. Rxg7+ Kh8 38. Rxc7 a2 39. Rxc4 Rh1+ 40. Kxh1
a1=Q+ 41. Kh2 Qe5+ 42. Kh1 Qa1+ 43. Kh2 Qe5+ 44. Ng3 h5 45. h4 Kg7 46. Ra4 Kg6
47. Ra8 Qf4 48. Kh3 Qc1 49. Ra7 Qc5 50. Ra1 Qc8+ 51. Nf5 Qc7 52. Rd1 Qa7 53. Rc1
Qd7 54. Ra1 Qc7 55. Rd1 Qa7 56. Rd6 Qb7 57. Rd8 Kh7 58. Re8 Qb1 59. Re7+ Kg8 60.
Kh2 Qb8+ 61. Kh3 Qb1 62. Ng3 Qb5 63. Nf5 Qb1 64. Kh2 Qb8+ 65. Kh3 Qb1 66. Kh2 1/2-1/2